Catálogo
 En Linea

Cancionero Popular de la Rioja / (Registro nro. 40723)

Detalles MARC
000 -CABECERA
campo de control de longitud fija 00983nam a2200229 a 4500
001 - NÚMERO DE CONTROL
campo de control 000041233
005 - FECHA Y HORA DE LA ÚLTIMA TRANSACCIÓN
campo de control 20201002034723.0
008 - DATOS DE LONGITUD FIJA--INFORMACIÓN GENERAL
campo de control de longitud fija 130926s1987 sp ag 001 0 spa d
020 ## - NÚMERO INTERNACIONAL ESTÁNDAR DEL LIBRO
Número Internacional Estándar del Libro 8400066510
040 ## - FUENTE DE LA CATALOGACIÓN
Centro catalogador/agencia de origen DO-SdBNP
Lengua de catalogación spa
Centro/agencia transcriptor BNPHU
245 00 - MENCIÓN DE TÍTULO
Título Cancionero Popular de la Rioja /
Mención de responsabilidad, etc. materiales recogidos por Bonifacio Gil García ; edición crítica por José Romeu Figueras, Juan Tomás y Josep Crivillé i Bargalló.
260 ## - PUBLICACIÓN, DISTRIBUCIÓN, ETC.
Lugar de publicación, distribución, etc. Barcelona :
Nombre del editor, distribuidor, etc. Consejo Superior de Investigaciones Científicas :,
Fecha de publicación, distribución, etc. 1987.
300 ## - DESCRIPCIÓN FÍSICA
Extensión xxvii p., 503 p. :
Otras características físicas il., música ;
Dimensiones 26 cm.
490 1# - MENCIÓN DE SERIE
Mención de serie Cancionero popular español ;
Designación de volumen o secuencia 5
500 ## - NOTA GENERAL
Nota general Incluye índice
700 1# - PUNTO DE ACCESO ADICIONAL--NOMBRE DE PERSONA
Nombre de persona Gil García, Bonifacio
9 (RLIN) 67815
700 1# - PUNTO DE ACCESO ADICIONAL--NOMBRE DE PERSONA
Nombre de persona Romeu i Figueras, Josep,
Término indicativo de función/relación comp.
Fechas asociadas al nombre 1917-
9 (RLIN) 67816
700 1# - PUNTO DE ACCESO ADICIONAL--NOMBRE DE PERSONA
Nombre de persona Tomás, Juan
9 (RLIN) 67817
700 1# - PUNTO DE ACCESO ADICIONAL--NOMBRE DE PERSONA
Nombre de persona Crivillé i Bargalló, Josep
9 (RLIN) 67818
710 2# - PUNTO DE ACCESO ADICIONAL--NOMBRE DE ENTIDAD CORPORATIVA
Nombre de entidad corporativa o nombre de jurisdicción como elemento de entrada Consejo Superior de Investigaciones Científicas
Unidad subordinada Gobierno de La Rioja
9 (RLIN) 67819
830 #0 - PUNTO DE ACCESO ADICIONAL DE SERIE-TÍTULO UNIFORME
Título uniforme Cancionero popular español ;
Número de parte o sección de la obra 5
9 (RLIN) 67820
Existencias
Estado de retiro Estado de pérdida Restricciones de uso No para préstamo Código de colección Localización permanente Ubicación/localización actual Ubicación en estantería Fecha de adquisición Número de inventario Total de préstamos Signatura topográfica completa Código de barras Fecha visto por última vez Precio válido a partir de Tipo de ítem Koha
      Excluido de préstamo Monografías: Libros y Folletos General General En catalogación 26.09.2013 LF1   41233-10 25.06.2020 25.06.2020 No se presta

Con tecnología Koha